[Event "XIII Open"]
[Site "Crema ITA"]
[Date "2011.09.03"]
[Round "4"]
[White "Mansueti, Marco"]
[Black "Falchi, Claudio"]
[Result "1/2-1/2"]
[WhiteElo "1856"]
[BlackElo "1742"]
[PlyCount "53"]
[EventDate "2011.09.02"]

1. d4 e6 2. c4 f5 3. Nc3 Nf6 4. g3 d5 5. cxd5 exd5 6. Bg2 c6 7. Nf3 Bd6 8. O-O
O-O 9. Ne5 Nbd7 10. f4 Ne4 11. Nxe4 fxe4 12. Qb3 Qb6 13. Qxb6 axb6 14. Bd2 b5
15. e3 Nb6 16. b3 Be6 17. Rfc1 Bd7 18. Bf1 Ra3 19. Rc2 Rfa8 20. Rb2 Be6 21. Be2
Nd7 22. g4 g6 23. h3 Nb8 24. Kg2 Na6 25. b4 Nb8 26. Kf2 Nd7 27. Bd1 1/2-1/2

[Event "XIII Open"]
[Site "Crema ITA"]
[Date "2011.09.03"]
[Round "4"]
[White "Maraschi, Alberto"]
[Black "Carbone, Lorenzo"]
[Result "0-1"]
[WhiteElo "1386"]
[BlackElo "1759"]
[PlyCount "100"]
[EventDate "2011.09.02"]

1. e4 c5 2. Nf3 d6 3. d4 cxd4 4. Nxd4 Nf6 5. Nc3 e6 6. Bg5 Be7 7. Bd3 O-O 8.
Qe2 a6 9. Nf3 Qc7 10. e5 dxe5 11. Nxe5 h6 12. Bxf6 Bxf6 13. Qe4 g6 14. f4 Bxe5
15. fxe5 Nc6 16. O-O-O Qxe5 17. Qg4 Qg5+ 18. Qxg5 hxg5 19. Ne4 g4 20. Nf6+ Kg7
21. Nxg4 b5 22. Be4 Bb7 23. Bf3 Rad8 24. Rdf1 f5 25. Nf2 e5 26. g3 e4 27. Bg2
Ne5 28. Nd1 b4 29. Ne3 a5 30. h4 Ba6 31. Rd1 Be2 32. Rxd8 Rxd8 33. Bf1 Bf3 34.
Rh2 Kf6 35. Be2 Rc8 36. Bxf3 Nxf3 37. Rh1 Nd4 38. Nd5+ Ke5 39. Ne3 Ne2+ 40. Kd1
Nxg3 41. Rg1 Rd8+ 42. Ke1 Kf4 43. Kf2 Rd2+ 44. Ke1 Re2+ 45. Kd1 Rxe3 46. Kd2
Re2+ 47. Kd1 Rh2 48. h5 Rxh5 49. Rg2 e3 50. a3 Rh1+ 0-1

[Event "XIII Open"]
[Site "Crema ITA"]
[Date "2011.09.03"]
[Round "4"]
[White "Marchesotti, Giovanni"]
[Black "Epitome, Nando"]
[Result "1/2-1/2"]
[WhiteElo "1599"]
[BlackElo "1622"]
[PlyCount "69"]
[EventDate "2011.09.02"]

1. g3 d5 2. Bg2 e6 3. Nf3 Nf6 4. O-O Be7 5. d3 Nbd7 6. Re1 O-O 7. Nbd2 b6 8. e4
dxe4 9. Nxe4 Bb7 10. b3 c5 11. Bb2 Qc7 12. Nxf6+ Bxf6 13. Bxf6 Nxf6 14. Ne5
Rad8 15. Bxb7 Qxb7 16. Qf3 Qc7 17. a4 Rd5 18. Nc4 Rfd8 19. Re2 Rf5 20. Qg2 Qd7
21. Ne3 Rg5 22. Rae1 h5 23. h4 Rg6 24. Nc4 Qc7 25. Ne5 Rh6 26. Nxf7 Qxf7 27.
Rxe6 Re8 28. Rxe8+ Nxe8 29. Qa8 Kf8 30. Re4 Rf6 31. f4 a5 32. Qd8 Rd6 33. Rxe8+
Qxe8 34. Qxd6+ Kg8 35. Qd5+ 1/2-1/2

[Event "XIII Open"]
[Site "Crema ITA"]
[Date "2011.09.03"]
[Round "4"]
[White "Martino, Antonio M."]
[Black "Madaschi, Sergio"]
[Result "1-0"]
[WhiteElo "1978"]
[BlackElo "1636"]
[PlyCount "69"]
[EventDate "2011.09.02"]

1. c4 e5 2. Nc3 Nf6 3. g3 c6 4. d4 exd4 5. Qxd4 Be7 6. Bg2 O-O 7. e4 d6 8. Nge2
c5 9. Qd2 Nc6 10. O-O Be6 11. b3 Re8 12. Bb2 Qd7 13. Nf4 Rad8 14. Ncd5 Bxd5 15.
Nxd5 Nxd5 16. Qxd5 Bf8 17. Qd2 Qc7 18. Rad1 g6 19. Bf6 Be7 20. Bc3 f6 21. f4
Qd7 22. e5 Qf5 23. Bd5+ Kg7 24. e6 Rb8 25. Qe2 h5 26. Kg2 Rh8 27. h3 g5 28.
fxg5 Qxg5 29. Bxc6 bxc6 30. Qe4 h4 31. g4 Rbc8 32. Rf5 Qg6 33. Rdf1 Rhf8 34.
Qf4 Rcd8 35. Rg5 1-0

[Event "XIII Open"]
[Site "Crema ITA"]
[Date "2011.09.03"]
[Round "4"]
[White "Milanesi, Erminio"]
[Black "Corfiati, Paolo"]
[Result "0-1"]
[WhiteElo "1842"]
[BlackElo "1732"]
[PlyCount "38"]
[EventDate "2011.09.02"]

1. e4 c6 2. d3 d5 3. Nd2 e5 4. g3 Nf6 5. f3 Bc5 6. Nb3 Bb6 7. Nh3 O-O 8. Qe2 h6
9. Be3 dxe4 10. dxe4 Be6 11. Nc5 Bxc5 12. Bxc5 Qa5+ 13. b4 Qa3 14. Qd2 Re8 15.
Be3 Na6 16. c3 Rad8 17. Qc2 Nxb4 18. cxb4 Qxe3+ 19. Qe2 Qc3+ 0-1

[Event "XIII Open"]
[Site "Crema ITA"]
[Date "2011.09.03"]
[Round "4"]
[White "Miracola, Giorgia"]
[Black "Miracola, Massimiliano"]
[Result "0-1"]
[WhiteElo "1763"]
[BlackElo "1993"]
[PlyCount "53"]
[EventDate "2011.09.02"]

1. e4 c5 2. Nf3 Nc6 3. d4 cxd4 4. Nxd4 Nf6 5. Nc3 e5 6. Ndb5 d6 7. Bg5 a6 8.
Na3 b5 9. Nd5 Be7 10. Bxf6 Bxf6 11. Nxf6+ Qxf6 12. c3 Qg6 13. f3 O-O 14. Qd2
Kh8 15. Nc2 f5 16. exf5 Bxf5 17. Ne3 e4 18. Nxf5 Qxf5 19. fxe4 Qxe4+ 20. Qe2
Qf4 21. Kd1 Rae8 22. Qd2 Qxd2+ 23. Kxd2 Rf2+ 24. Kd1 Rxb2 25. g3 Ne5 26. Bh3
Nd3 27. Rf1 0-1

[Event "XIII Open"]
[Site "Crema ITA"]
[Date "2011.09.03"]
[Round "4"]
[White "Moroni, Luca jr"]
[Black "Villa, Giorgio"]
[Result "1/2-1/2"]
[WhiteElo "1998"]
[BlackElo "1901"]
[PlyCount "98"]
[EventDate "2011.09.02"]

1. e4 d5 2. exd5 Qxd5 3. Nc3 Qd6 4. d4 Nf6 5. Bc4 c6 6. Nge2 Bf5 7. O-O e6 8.
Bf4 Qd8 9. Ng3 Bg6 10. Re1 Be7 11. f3 O-O 12. Nge4 Nd5 13. Bg3 Nd7 14. Bb3 N7f6
15. Nxd5 cxd5 16. Nxf6+ Bxf6 17. c3 Qb6 18. Be5 Bxe5 19. Rxe5 Rac8 20. Qe2 Rc6
21. Re1 Qa6 22. Qxa6 Rxa6 23. g4 Rb6 24. R1e2 Bb1 25. Re1 Bd3 26. R5e3 Bg6 27.
Re5 a5 28. R5e2 h5 29. h3 Ra8 30. Ba4 Rd6 31. Kf2 hxg4 32. hxg4 Kf8 33. Ke3 Ke7
34. Rh2 Rb8 35. Bb5 Rdd8 36. Kf4 Rh8 37. Reh1 Rxh2 38. Rxh2 Kf6 39. a4 Ra8 40.
Rh1 Rc8 41. Rh2 Rd8 42. Ke3 Rc8 43. f4 Rb8 44. g5+ Ke7 45. Bd3 Bxd3 46. Kxd3
Kd6 47. Rh7 Rg8 48. b3 b6 49. c4 f6 1/2-1/2

[Event "XIII Open"]
[Site "Crema ITA"]
[Date "2011.09.03"]
[Round "4"]
[White "Puricelli, Riccardo"]
[Black "Pisani, Valerio"]
[Result "1-0"]
[WhiteElo "1672"]
[BlackElo "1761"]
[PlyCount "71"]
[EventDate "2011.09.02"]

1. d4 Nf6 2. c4 e6 3. Nf3 d5 4. Nc3 Be7 5. Bg5 O-O 6. e3 Nbd7 7. cxd5 exd5 8.
Bd3 Re8 9. O-O c6 10. Rb1 Nf8 11. Qc2 h6 12. Bh4 Bd6 13. b4 g5 14. Bg3 Bxg3 15.
hxg3 Qd6 16. b5 Bg4 17. Ne5 c5 18. Nxg4 Nxg4 19. dxc5 Qxc5 20. Ne2 Qb6 21. Bf5
Ne5 22. Rfd1 Nc4 23. Qd3 Nxe3 24. Re1 Nxf5 25. Qxf5 Rad8 26. Nc3 d4 27. Nd5
Rxe1+ 28. Rxe1 Qd6 29. Nf6+ Kh8 30. Ne8 Qg6 31. Qe5+ f6 32. Nxf6 Qg7 33. Qf5 d3
34. Rd1 Nh7 35. Nxh7 Qxh7 36. Qf6+ 1-0

[Event "XIII Open"]
[Site "Crema ITA"]
[Date "2011.09.03"]
[Round "4"]
[White "Righini, Giovanni"]
[Black "Gonella, Daniele"]
[Result "0-1"]
[WhiteElo "1840"]
[BlackElo "2103"]
[PlyCount "102"]
[EventDate "2011.09.02"]

1. e4 c5 2. c3 Nf6 3. e5 Nd5 4. d4 cxd4 5. Nf3 Nc6 6. Bc4 Nb6 7. Bb3 e6 8. O-O
d6 9. cxd4 dxe5 10. dxe5 Qxd1 11. Rxd1 g6 12. Nc3 Bg7 13. Bf4 O-O 14. Nb5 h6
15. h4 Nd7 16. Re1 Nc5 17. Rad1 Nxb3 18. axb3 a5 19. Be3 b6 20. Nd6 Rb8 21.
Nxc8 Rfxc8 22. Rd6 b5 23. Bf4 Bf8 24. Rd7 Rd8 25. Red1 Rdc8 26. Nd4 Nb4 27. Bd2
Nd3 28. Bxa5 Nxe5 29. Rc7 Bg7 30. Rxc8+ Rxc8 31. Nxb5 Rc5 32. Rd8+ Kh7 33. Rb8
Nc6 34. Rc8 Rxb5 35. Bc3 Ne5 36. Rc7 Rd5 37. g3 Nf3+ 38. Kg2 Bxc3 39. bxc3 Ne5
40. c4 Rd2 41. Kf1 Kg7 42. f4 Ng4 43. c5 Rd4 44. Rb7 Ne3+ 45. Kg1 Nd5 46. c6
Rd1+ 47. Kf2 Rc1 48. b4 Rxc6 49. Kf3 Rc3+ 50. Ke4 Rb3 51. b5 Rxb5 0-1

[Event "XIII Open"]
[Site "Crema ITA"]
[Date "2011.09.03"]
[Round "4"]
[White "Raimondi, Celso"]
[Black "Tagliaferri, Valerio"]
[Result "1/2-1/2"]
[WhiteElo "1651"]
[BlackElo "1850"]
[PlyCount "127"]
[EventDate "2011.09.02"]

1. d4 Nf6 2. c4 e6 3. Nc3 c5 4. Nf3 cxd4 5. Nxd4 Nc6 6. e3 a6 7. a3 Qc7 8. Be2
Be7 9. O-O O-O 10. b4 d6 11. Bb2 Bd7 12. Rc1 Rac8 13. Nxc6 Qxc6 14. b5 axb5 15.
Nxb5 Qa6 16. a4 Rfd8 17. Qb3 Ne8 18. Ba3 Ra8 19. Bd1 Bf8 20. Qd3 Bc6 21. Bc2 g6
22. Bb2 d5 23. Rfd1 Qb6 24. Rb1 Rac8 25. Bd4 Qa5 26. Na7 dxc4 27. Qc3 Qxc3 28.
Bxc3 Rxd1+ 29. Rxd1 Ra8 30. Nxc6 bxc6 31. Be4 Rxa4 32. Bxc6 Ra3 33. Rc1 Bg7 34.
Bb4 Rb3 35. Ba5 Nd6 36. g3 c3 37. Bc7 Nb5 38. Ba5 Nd6 39. Kf1 g5 40. Bf3 Nc4
41. Bd8 Nd2+ 42. Ke2 Nxf3 43. Kxf3 h6 44. h3 f5 45. g4 Kf7 46. gxf5 exf5 47. h4
Bf6 48. Bxf6 Kxf6 49. e4 c2+ 50. Ke2 Rc3 51. hxg5+ hxg5 52. exf5 Kxf5 53. Kd2
Rc8 54. Rxc2 Rd8+ 55. Ke2 Rd5 56. Rc3 Re5+ 57. Kf1 Re4 58. Rc8 Kg4 59. Rf8 Rf4
60. Rh8 Kf3 61. Rh3+ Kg4 62. Ra3 Rb4 63. Kg2 Kf4 64. Rf3+ 1/2-1/2

[Event "XIII Open"]
[Site "Crema ITA"]
[Date "2011.09.03"]
[Round "4"]
[White "Rambaldi, Francesco"]
[Black "Baroni, Alessandro"]
[Result "1-0"]
[WhiteElo "2176"]
[BlackElo "1918"]
[PlyCount "49"]
[EventDate "2011.09.02"]

1. e4 e6 2. d4 d5 3. exd5 exd5 4. Nf3 Nf6 5. c4 c6 6. Nc3 Bb4 7. Bd3 O-O 8. O-O
Bg4 9. c5 Nbd7 10. a3 Bxc3 11. bxc3 Ne4 12. c4 Ndf6 13. Qc2 h6 14. Ne5 Ng5 15.
Nxg4 Nxg4 16. Bf5 Nf6 17. Bf4 Ne6 18. Be5 Re8 19. Rfd1 dxc4 20. Qxc4 Qd5 21.
Qc2 Nd7 22. Be4 Nxd4 23. Bh7+ Kf8 24. Bxd4 Qe6 25. Bf5 1-0

[Event "XIII Open"]
[Site "Crema ITA"]
[Date "2011.09.03"]
[Round "4"]
[White "Ranfagni, Stefano"]
[Black "Tirelli, Mauro"]
[Result "0-1"]
[WhiteElo "2002"]
[BlackElo "1940"]
[PlyCount "80"]
[EventDate "2011.09.02"]

1. e4 e6 2. d4 d5 3. Nd2 Nf6 4. e5 Nfd7 5. Bd3 c5 6. c3 Nc6 7. Ne2 cxd4 8. cxd4
f6 9. exf6 Qxf6 10. Nf3 h6 11. O-O Bd6 12. Ng3 O-O 13. Nh5 Qf7 14. Nh4 e5 15.
Bxh6 e4 16. Bxg7 Be7 17. Bxf8 Nxf8 18. Be2 Bxh4 19. Bg4 Ne6 20. g3 Nexd4 21.
gxh4 Qg6 22. h3 Ne5 23. Kh1 Bxg4 24. hxg4 Nef3 25. Rg1 Rf8 26. Rg3 Qb6 27. b3
Nxh4 28. g5 Nhf3 29. Nf6+ Kg7 30. Rh3 Rh8 31. Rxh8 Kxh8 32. Rc1 Qe6 33. Qf1
Nxg5 34. Nh5 Qh6 35. Rc8+ Kh7 36. Rc7+ Kg6 37. Qg2 Qxh5+ 38. Kg1 Kf6 39. Qh1
Ne2+ 40. Kg2 Qf3+ 0-1

[Event "XIII Open"]
[Site "Crema ITA"]
[Date "2011.09.03"]
[Round "4"]
[White "Regorda, Vittorio"]
[Black "Distratis, Gianluca"]
[Result "1-0"]
[WhiteElo "1838"]
[BlackElo "1948"]
[PlyCount "105"]
[EventDate "2011.09.02"]

1. d4 Nf6 2. c4 g6 3. Nc3 Bg7 4. e4 d6 5. f3 O-O 6. Be3 Nbd7 7. Bd3 e5 8. d5 c6
9. Nge2 cxd5 10. cxd5 a6 11. h3 Qc7 12. g4 Nc5 13. Bc2 b5 14. b4 Ncd7 15. Rc1
Nb6 16. Bb3 Qd8 17. Qd2 Re8 18. Ng3 Bb7 19. g5 Nfd7 20. Kf2 Rc8 21. Nce2 Qe7
22. Rxc8 Rxc8 23. Rc1 Nc4 24. Bxc4 bxc4 25. Nc3 Qf8 26. a3 f5 27. gxf6 Nxf6 28.
Kg2 Qf7 29. Rf1 Rf8 30. Qe2 Qc7 31. Qd2 Rf7 32. a4 Bc8 33. Qe2 Bd7 34. Kh2 Rf8
35. b5 axb5 36. axb5 Rb8 37. b6 Qd8 38. Qf2 Qe7 39. Ra1 Rf8 40. Qg2 Nh5 41. Bg5
Nf6 42. Ra7 Qd8 43. Rc7 Rf7 44. Qd2 Qf8 45. Be3 Ne8 46. Ra7 Bf6 47. b7 Bh4 48.
Bh6 Bxg3+ 49. Kg2 Qe7 50. Kxg3 Qf6 51. Qe3 Ng7 52. b8=Q+ Rf8 53. Bxg7 1-0

[Event "XIII Open"]
[Site "Crema ITA"]
[Date "2011.09.03"]
[Round "4"]
[White "Rota, Simone"]
[Black "Bonazzi, Edoardo"]
[Result "0-1"]
[WhiteElo "2002"]
[BlackElo "2131"]
[PlyCount "56"]
[EventDate "2011.09.02"]

1. d4 Nf6 2. Nf3 c5 3. d5 g6 4. g3 Bg7 5. Bg2 O-O 6. O-O d6 7. c4 b5 8. cxb5 a6
9. bxa6 Bxa6 10. Nc3 Nbd7 11. Re1 Nb6 12. e4 Nfd7 13. Bf4 Nc4 14. Qc2 Qa5 15.
Nd1 Rab8 16. Bd2 Nxd2 17. Nxd2 Ne5 18. Re3 c4 19. Ra3 Qb6 20. Bf1 Rfc8 21. Rb1
Nd3 22. Bxd3 cxd3 23. Qa4 Rc2 24. Rb3 Qc7 25. Rxb8+ Qxb8 26. Nb3 Qb5 27. Qa3 d2
28. Ne3 Qe2 0-1

[Event "XIII Open"]
[Site "Crema ITA"]
[Date "2011.09.03"]
[Round "4"]
[White "Ventura, Franco"]
[Black "Oteri, Aldo"]
[Result "1-0"]
[WhiteElo "2098"]
[BlackElo "1797"]
[PlyCount "131"]
[EventDate "2011.09.02"]

1. c4 e5 2. Nc3 Nc6 3. Nf3 g6 4. g3 Bg7 5. Bg2 f5 6. d3 d6 7. Bd2 Nf6 8. Qc1
O-O 9. Bh6 e4 10. Ng1 Bxh6 11. Qxh6 exd3 12. Qd2 Qe7 13. O-O-O Ne4 14. Nxe4
fxe4 15. exd3 exd3 16. Bd5+ Be6 17. Re1 Rf6 18. f4 Qf7 19. Nf3 h6 20. Bxe6 Rxe6
21. Qxd3 Rae8 22. Rxe6 Rxe6 23. a3 Qe7 24. Rd1 Kg7 25. Nh4 Qf7 26. Rf1 Ne7 27.
Qd4+ Qf6 28. Qxf6+ Kxf6 29. Kd2 Nf5 30. Nf3 h5 31. Ng5 Re7 32. Rf3 c6 33. Rd3
Rd7 34. h3 d5 35. Ne4+ Kg7 36. Nc5 Re7 37. cxd5 cxd5 38. g4 hxg4 39. hxg4 Nh6
40. g5 Nf5 41. Rxd5 Ng3 42. Rd7 Rxd7+ 43. Nxd7 Nf5 44. Kd3 b6 45. Ne5 Ne7 46.
Ke4 a6 47. Nd7 Nc8 48. Kd5 Ne7+ 49. Ke6 Nf5 50. Nxb6 Nd4+ 51. Kd5 Ne2 52. Ke5
Nc1 53. b4 Nd3+ 54. Ke4 Ne1 55. b5 axb5 56. Nd5 Nc2 57. a4 Nb4 58. a5 Kf7 59.
Nc7 Nc6 60. a6 Na7 61. f5 gxf5+ 62. Kxf5 Nc8 63. Nxb5 Ne7+ 64. Kg4 Nd5 65. a7
Nb6 66. Nc7 1-0

[Event "XIII Open"]
[Site "Crema ITA"]
[Date "2011.09.03"]
[Round "4"]
[White "Vezzosi, Paolo"]
[Black "Scarabelli, Maurizio"]
[Result "1-0"]
[WhiteElo "2351"]
[BlackElo "1817"]
[PlyCount "94"]
[EventDate "2011.09.02"]

1. d4 d5 2. Nf3 e6 3. c4 Be7 4. Nc3 Nf6 5. Bg5 h6 6. Bh4 O-O 7. e3 b6 8. Rc1
Bb7 9. Bxf6 Bxf6 10. cxd5 exd5 11. b4 Be7 12. Qb3 Nd7 13. Be2 a6 14. O-O c6 15.
a4 b5 16. a5 Nf6 17. Bd3 Qd6 18. Rb1 Rfe8 19. Ne5 h5 20. h3 Bf8 21. e4 Rad8 22.
Nxf7 Kxf7 23. e5 Qe6 24. exf6 Qxf6 25. Qd1 g6 26. Ne2 Bc8 27. Rb3 Ke7 28. Qc2
Rd6 29. Re1 Kd8 30. Rd1 Rde6 31. Kf1 h4 32. Ng1 Qe7 33. Nf3 Qf6 34. Ne5 Rxe5
35. dxe5 Rxe5 36. Bxg6 Rg5 37. Rf3 Qd6 38. Re1 Bd7 39. Bf5 Qh2 40. Ree3 Bxb4
41. Bxd7 Qh1+ 42. Ke2 Qe1+ 43. Kd3 Qf1+ 44. Re2 Qxg2 45. Rf7 Qf1 46. Bg4 c5 47.
Rd7+ Kc8 1-0

[Event "XIII Open"]
[Site "Crema ITA"]
[Date "2011.09.03"]
[Round "4"]
[White "Volpati, Antonio"]
[Black "Franco, Alessandro"]
[Result "1/2-1/2"]
[WhiteElo "1670"]
[BlackElo "1736"]
[PlyCount "119"]
[EventDate "2011.09.02"]

1. e4 e5 2. Nf3 Nc6 3. Bb5 a6 4. Ba4 Nf6 5. c3 Be7 6. O-O b5 7. Bc2 d6 8. d4
Bg4 9. Be3 Na5 10. Nbd2 c5 11. dxe5 dxe5 12. Qb1 Qc7 13. a3 Bxf3 14. Nxf3 Nc4
15. Re1 O-O 16. b3 Nd6 17. Nxe5 Rfe8 18. Nf3 Nb7 19. e5 Nd5 20. Bxh7+ Kh8 21.
Qc2 Rad8 22. Be4 Nxe3 23. Rxe3 Rd7 24. Rd1 Rxd1+ 25. Qxd1 Nd8 26. Rd3 Ne6 27.
Rd7 Rd8 28. Rxd8+ Bxd8 29. Qd6 Qxd6 30. exd6 g6 31. Ne5 Kg7 32. Bb7 a5 33. Nc6
Bb6 34. d7 f6 35. Ba6 b4 36. cxb4 cxb4 37. Bc4 Nd8 38. Nxd8 Bxd8 39. Kf1 Kf8
40. Ke2 Ke7 41. Bb5 Bc7 42. Kd3 Kd6 43. g4 Ke5 44. Ke3 Bb6+ 45. Kf3 g5 46. Kg2
Ke4 47. f3+ Ke3 48. Bc6 Bc7 49. Kh3 Bd8 50. Kg3 Bc7+ 51. Kg2 Kf4 52. h4 gxh4
53. Kh3 Kg5 54. f4+ Kxf4 55. Kxh4 Bd8 56. Kh5 Be7 57. Bb5 f5 58. gxf5 Kxf5 59.
Bd3+ Ke6 60. Bb5 1/2-1/2

[Event "XIII Open"]
[Site "Crema ITA"]
[Date "2011.09.04"]
[Round "5"]
[White "Adami, Antonio"]
[Black "Maraschi, Alberto"]
[Result "1-0"]
[WhiteElo "1722"]
[BlackElo "1386"]
[PlyCount "51"]
[EventDate "2011.09.02"]

1. e4 c6 2. d4 d5 3. Nc3 dxe4 4. Nxe4 Bf5 5. Ng3 Bg6 6. N1e2 Nf6 7. Nf4 e6 8.
Bc4 Nbd7 9. O-O Qb6 10. Re1 O-O-O 11. a4 a5 12. c3 Bd6 13. b4 Nd5 14. bxa5 Qxa5
15. Nxd5 exd5 16. Bf1 Qxc3 17. Be3 Qa5 18. Bd2 Qc7 19. a5 h5 20. a6 Nb6 21. Ba5
Bxg3 22. fxg3 bxa6 23. Bxa6+ Kd7 24. Qb3 Rb8 25. Qb4 Qa7 26. Re7+ 1-0

[Event "XIII Open"]
[Site "Crema ITA"]
[Date "2011.09.04"]
[Round "5"]
[White "Attuati, Stefano"]
[Black "Ventura, Franco"]
[Result "1-0"]
[WhiteElo "1977"]
[BlackElo "2098"]
[PlyCount "61"]
[EventDate "2011.09.02"]

1. e4 e5 2. Nf3 Nf6 3. Nxe5 d6 4. Nf3 Nxe4 5. Nc3 Nf6 6. d4 Bf5 7. Bd3 Bxd3 8.
Qxd3 c6 9. O-O Be7 10. Nh4 O-O 11. Nf5 Qd7 12. Bh6 Ne8 13. Nxe7+ Qxe7 14. Rae1
Qd7 15. Bg5 f6 16. Bf4 Na6 17. Re3 Nec7 18. Rh3 g6 19. Bh6 Rf7 20. a3 Re8 21.
Ne2 Ne6 22. g4 Ng5 23. Rh4 Qe6 24. Ng3 Rfe7 25. f4 Nf7 26. f5 gxf5 27. gxf5 Qd7
28. Nh5 Kh8 29. Bg7+ Kg8 30. Qg3 Ng5 31. Nxf6+ 1-0

[Event "XIII Open"]
[Site "Crema ITA"]
[Date "2011.09.04"]
[Round "5"]
[White "Baccarin, Stefano"]
[Black "Adami, Alessandro"]
[Result "0-1"]
[WhiteElo "1770"]
[BlackElo "1712"]
[PlyCount "54"]
[EventDate "2011.09.02"]

1. e4 c5 2. Nc3 Nc6 3. g3 g6 4. Bg2 Bg7 5. d3 d6 6. f4 e6 7. Nf3 Nge7 8. Be3 f5
9. O-O e5 10. Rb1 Rb8 11. Nd5 O-O 12. Nxe7+ Qxe7 13. Qd2 Be6 14. a3 Rbd8 15. b4
b6 16. Ng5 Bd7 17. exf5 Rxf5 18. Bd5+ Kh8 19. g4 Rff8 20. f5 h6 21. Ne6 Bxe6
22. fxe6 Nd4 23. Bxh6 Nxe6 24. g5 Nf4 25. Bxg7+ Kxg7 26. Bg2 Qxg5 27. Qe3 Qxg2#
0-1

[Event "XIII Open"]
[Site "Crema ITA"]
[Date "2011.09.04"]
[Round "5"]
[White "Baroni, Alessandro"]
[Black "Rota, Simone"]
[Result "0-1"]
[WhiteElo "1918"]
[BlackElo "2002"]
[PlyCount "156"]
[EventDate "2011.09.02"]

1. e4 c5 2. c3 Nf6 3. e5 Nd5 4. d4 d6 5. Bb5+ Nc6 6. Qb3 e6 7. Nf3 Bd7 8. Be3
cxd4 9. cxd4 Nxe3 10. Qxe3 dxe5 11. dxe5 Bb4+ 12. Nc3 Qa5 13. Bxc6 Bxc6 14. O-O
O-O 15. Nd4 Rac8 16. Nb3 Qa6 17. Ne4 Qc4 18. Ned2 Bxd2 19. Nxd2 Qc2 20. b3 Rfd8
21. Nc4 Qg6 22. Qg3 Bb5 23. Qxg6 hxg6 24. Nd6 Bxf1 25. Nxc8 Rxc8 26. Kxf1 Kf8
27. Rd1 Ke7 28. Ke2 Rc5 29. f4 g5 30. g3 gxf4 31. gxf4 Rc3 32. Rd3 Rc1 33. Rd1
Rc8 34. Rd2 Rh8 35. Ke3 Rh3+ 36. Kd4 Rf3 37. Ke4 Rc3 38. Kd4 Rc1 39. Rf2 g6 40.
Ke4 Re1+ 41. Kd4 Rc1 42. Ke4 Rc5 43. Rd2 Rc7 44. Kd4 Kf8 45. Ke4 Kg7 46. Kf3 b5
47. Kg4 a5 48. h3 Rc3 49. Rb2 f6 50. exf6+ Kxf6 51. Re2 Rc5 52. Rb2 Rc1 53. Re2
Rc5 54. Rb2 Rd5 55. Re2 Rd4 56. Re5 Rb4 57. Rc5 a4 58. bxa4 bxa4 59. Ra5 Rc4
60. Kg3 Rc3+ 61. Kg4 Ra3 62. h4 Rxa2 63. h5 gxh5+ 64. Rxh5 a3 65. Rh1 Rb2 66.
Ra1 a2 67. Kg3 Kf5 68. Kf3 Rb3+ 69. Ke2 Ra3 70. Kd2 Kxf4 71. Kc2 Rf3 72. Re1
Rf2+ 73. Kd3 Rf3+ 74. Kd2 e5 75. Rc1 e4 76. Ke1 Ra3 77. Ra1 Kf3 78. Kf1 Rb3 0-1

[Event "XIII Open"]
[Site "Crema ITA"]
[Date "2011.09.04"]
[Round "5"]
[White "Bonazzi, Edoardo"]
[Black "Gagliardi, Christian"]
[Result "0-1"]
[WhiteElo "2131"]
[BlackElo "2253"]
[PlyCount "42"]
[EventDate "2011.09.02"]

1. c4 e5 2. g3 Nf6 3. Bg2 d5 4. cxd5 Nxd5 5. Nc3 Nb6 6. Nf3 Nc6 7. O-O Be7 8.
a3 O-O 9. b4 Be6 10. Rb1 f6 11. d3 a5 12. b5 Nd4 13. Nd2 Qc8 14. e3 Nf5 15. Qc2
Rd8 16. Bb2 a4 17. Nce4 Nd6 18. Nc5 Bh3 19. Bxh3 Qxh3 20. Nxb7 Nxb7 21. Qxc7
Qc8 0-1

[Event "XIII Open"]
[Site "Crema ITA"]
[Date "2011.09.04"]
[Round "5"]
[White "Brociner, Beniamino"]
[Black "Vezzosi, Paolo"]
[Result "0-1"]
[WhiteElo "1917"]
[BlackElo "2351"]
[PlyCount "62"]
[EventDate "2011.09.02"]

1. e4 c5 2. Nf3 Nc6 3. d4 cxd4 4. Nxd4 Qb6 5. Nb3 Nf6 6. Nc3 e6 7. Bd3 Be7 8.
O-O d6 9. Be3 Qc7 10. f4 a6 11. a4 b6 12. h3 O-O 13. Qf3 Bb7 14. Qf2 Nd7 15. g4
Nb4 16. Rac1 Nc5 17. Nxc5 bxc5 18. g5 d5 19. exd5 exd5 20. Ne2 d4 21. Bd2 Qc6
22. Ng3 Nxd3 23. cxd3 Qxa4 24. Nf5 Qd7 25. Nxe7+ Qxe7 26. Qg3 Qd6 27. Rf2 f5
28. Rh2 Rfe8 29. h4 Re6 30. Rf1 Rae8 31. Rff2 Re3 0-1

[Event "XIII Open"]
[Site "Crema ITA"]
[Date "2011.09.04"]
[Round "5"]
[White "Corfiati, Paolo"]
[Black "Tagliaferri, Valerio"]
[Result "0-1"]
[WhiteElo "1732"]
[BlackElo "1850"]
[PlyCount "91"]
[EventDate "2011.09.02"]

1. d4 Nf6 2. Nf3 e6 3. c4 c5 4. d5 exd5 5. cxd5 d6 6. e4 g6 7. Nc3 Bg7 8. Bd3
O-O 9. h3 Na6 10. Bf4 Nc7 11. O-O b5 12. Re1 b4 13. Nb5 Nxb5 14. Bxb5 Nh5 15.
Bh2 Bxb2 16. Rb1 Bc3 17. Re3 a5 18. e5 dxe5 19. Bxe5 Bxe5 20. Rxe5 Qd6 21. Qd2
f6 22. Ree1 Bb7 23. Rbd1 Rfd8 24. Re4 Ng7 25. Ne1 Qb6 26. Bc4 Rd6 27. Nc2 a4
28. Re7 Nf5 29. Re6 Bc8 30. Re8+ Kf7 31. Rde1 Bb7 32. Qe2 Qc7 33. g4 Rxe8 34.
Qxe8+ Kg7 35. gxf5 Rd7 36. fxg6 hxg6 37. d6 Qxd6 38. Qg8+ Kh6 39. Qh8+ Rh7 40.
Qe8 Qf4 41. Re3 Qxc4 42. Qf8+ Kh5 43. Qxf6 g5 44. Rg3 Qf4 45. Qe6 Qe4 46. Ne3
0-1

[Event "XIII Open"]
[Site "Crema ITA"]
[Date "2011.09.04"]
[Round "5"]
[White "Carbone, Lorenzo"]
[Black "Raimondi, Celso"]
[Result "1-0"]
[WhiteElo "1759"]
[BlackElo "1651"]
[PlyCount "73"]
[EventDate "2011.09.02"]

1. e4 c5 2. Nf3 e6 3. d4 cxd4 4. Nxd4 d6 5. Be2 Nf6 6. Nc3 a6 7. O-O Be7 8. Be3
O-O 9. f4 Qc7 10. Bf3 Nc6 11. Nb3 Bd7 12. a3 Rac8 13. Qe1 Rfe8 14. Rc1 b5 15.
Qf2 Bd8 16. h3 b4 17. Na4 Qb8 18. Bb6 bxa3 19. bxa3 Bxb6 20. Nxb6 Rc7 21. Nxd7
Nxd7 22. Rfd1 e5 23. f5 Rcc8 24. Be2 a5 25. Rb1 Qc7 26. a4 Na7 27. Ba6 Rb8 28.
Bd3 Nf6 29. c4 Rb4 30. c5 Rd8 31. Bc2 Rc4 32. cxd6 Qb7 33. Nxa5 Rxc2 34. Nxb7
Rxf2 35. Nxd8 Nxe4 36. Rb8 Rc2 37. Nc6+ 1-0

[Event "XIII Open"]
[Site "Crema ITA"]
[Date "2011.09.04"]
[Round "5"]
[White "Castrogiovanni, Carlo"]
[Black "Cocconcelli, Lorenzo"]
[Result "1-0"]
[WhiteElo "2004"]
[BlackElo "1859"]
[PlyCount "81"]
[EventDate "2011.09.02"]

1. d4 d5 2. c4 c6 3. Nc3 Nf6 4. Bg5 e6 5. cxd5 exd5 6. e3 Bd6 7. Bd3 Nbd7 8.
Nge2 Qc7 9. Rc1 a6 10. Bf5 Nb6 11. Bd3 Be6 12. Ng3 O-O-O 13. Nge2 Rde8 14. Kd2
Ne4+ 15. Bxe4 dxe4 16. Kc2 Bc4 17. Kb1 h6 18. Bf4 g5 19. Bxd6 Qxd6 20. Ng3 Bd3+
21. Ka1 Qe6 22. Na4 Nxa4 23. Qxa4 f5 24. Rc5 Bb5 25. Qc2 f4 26. Re5 Bd3 27. Qc5
Qd7 28. Nf5 Kb8 29. Rc1 h5 30. Nd6 Re6 31. Nc4 Bxc4 32. Rxc4 fxe3 33. fxe3 Rf6
34. a3 Qf7 35. Re7 Rf1+ 36. Ka2 Qf5 37. Qd6+ Ka8 38. Rxc6 Qb5 39. Rb6 Qc4+ 40.
Rb3 Rhf8 41. Rexb7 1-0

[Event "XIII Open"]
[Site "Crema ITA"]
[Date "2011.09.04"]
[Round "5"]
[White "Ciochetta, Giovanni"]
[Black "Folcini, Gaddo"]
[Result "0-1"]
[WhiteElo "1624"]
[BlackElo "1572"]
[PlyCount "66"]
[EventDate "2011.09.02"]

1. e4 e5 2. Nf3 d5 3. exd5 e4 4. Bb5+ c6 5. dxc6 bxc6 6. Qe2 cxb5 7. Qxe4+ Qe7
8. Ne5 Bb7 9. Qe2 f6 10. Nf3 Qxe2+ 11. Kxe2 Bd6 12. d4 Ne7 13. Nc3 Ba6 14. Kd1
O-O 15. Re1 Nbc6 16. Ne4 Bb4 17. c3 Ba5 18. Nc5 Bc8 19. Bf4 b4 20. Rc1 bxc3 21.
bxc3 Nd5 22. Bd2 Bf5 23. Nb3 Bc7 24. c4 Nf4 25. Bxf4 Bxf4 26. Rc3 Rfe8 27. g3
Rxe1+ 28. Kxe1 Re8+ 29. Kf1 Bh3+ 30. Kg1 Bc7 31. Rc1 Nb4 32. a4 Nd3 33. Rc2 Ne1
0-1

[Event "XIII Open"]
[Site "Crema ITA"]
[Date "2011.09.04"]
[Round "5"]
[White "De Palma, Fabrizio"]
[Black "Guzzetti, Luigi Enrico"]
[Result "1-0"]
[WhiteElo "2071"]
[BlackElo "1955"]
[PlyCount "55"]
[EventDate "2011.09.02"]

1. Nf3 Nf6 2. c4 g6 3. b4 Bg7 4. Bb2 O-O 5. g3 d6 6. Bg2 Nbd7 7. O-O e5 8. d3
a5 9. a3 axb4 10. axb4 Rxa1 11. Bxa1 Re8 12. Nfd2 c6 13. Nc3 Nf8 14. b5 d5 15.
Qa4 d4 16. Nce4 Nxe4 17. Bxe4 f5 18. Bg2 c5 19. Bd5+ Kh8 20. Bb2 Ne6 21. Ra1
Qg5 22. Nf3 Qe7 23. b6 Nd8 24. Ba3 Be6 25. Bxc5 Qf7 26. Ng5 Qd7 27. Bxe6 Qxa4
28. Rxa4 1-0